000 00908nam a22002297a 4500
999 _c461
_d461
003 AR-CdUCM
008 190223b ||||| |||| 00| 0 spa d
040 _aMUNICIPALIDAD PROVINCIAL DEL CUSCO
_cBIBLIOTECA MUNICIPAL DEL CUSCO
082 _22ed.
_a869.566 /
_bM26
100 _aMariategui, José Carlos
_91823
245 _aEl alma matinal :
_by otras estaciones del hombre de hoy /
_cJosé Carlos Mareategui
260 _aLima :
_bAmauta,
_c1959.
300 _a233 paginas ;
_c17 cm.
440 _aBiblioteca Amauta
_n3
_91824
505 _aLa emoción de nuestro tiempo -- Esquema de una explicación de chaplin -- El paisaje italiano -- Interpretación de Roma -- Valores de la cultura italiana moderna ...
650 _aCivilización Capitalista
_91825
650 _aMovimientos sociales
_91450
650 _aIndigenismo
_9208
650 _aSiglo XX.
_98
942 _2ddc
_cLIBROS
945 _aacv
_d2019-02-23